000 00470nam a22001817a 4500
003 CEME
005 20210628210508.0
008 210208b xxu||||| |||| 00| 0 eng d
020 _a0-412-14760-2
040 _c.
082 _a621.381 CLO
100 _aClose, K. J Yarwood, J
_979607
245 _aExperiemental electronics for students
260 _aLONDON
_bCHAPMAN & HALL
_c1979
300 _a226P
650 _aELECTRONICS EXPERIMENTS
_979608
942 _cBK
_2ddc
999 _c584634
_d584634